Countries By Person By Picture - Statistics

General Stats
  • This quiz has been taken 137 times
  • The average score is 12 of 16
Answer Stats
Picture Answer % Correct
South Africa (Nelson Mandela)
94%
China (Jackie Chan)
92%
Australia (Hugh Jackman)
87%
Mexico (Salma Hayek)
86%
Greece (Aristotle)
85%
Cuba (Fidel Castro)
84%
Colombia (Shakira)
82%
Ireland (Bono)
81%
Canada (Mike Myers)
78%
India (Indira Gandhi)
76%
Brazil (Pelé)
71%
Italy (Giorgio Armani)
71%
New Zealand (Russel Crow)
67%
Israel (Natalie Portman)
63%
Belgium (Audrey Hepburn)
46%
Egypt (Omar Sharif)
42%
No matching quizzes found
Score Distribution
Percent of People with Each Score
Percentile by Number Answered
Your Score History
You have not taken this quiz